000 00998nam a2200229 i 4500
001 47427
003 ES-MaACL
005 20251013063051.0
007 t|
008 030425s1871 sp ||||1| spa d
100 1 _aNegrín, Ignacio de,
_d1830-1885
_985306
245 1 0 _aConferencias sobre el derecho internacional
_b: dadas en el Ateneo Militar del Ejercito y Armada /
_cpor Ignacio de Negrín.
260 _a[S.l. :
_bs.n.,
_c1871 ?]
300 _a91 p. ;
_c25 cm.
500 _aTit. y aut. tomados de cub.
500 _aEn cub. consta el año de la serie, 1871.
505 8 _aContiene: El derecho internacional ante la ciencia y la historia. 1ª Conferencia. El corso como instrumento de la guerra marítima. Segunda conf. De la inmunidad en el mar de la propiedad privada. Quinta conf.
650 7 _aDerecho marítimo internacional
_2embne
_911734
710 2 _aAteneo del Ejército y de la Armada (Madrid)
_9134158
852 _aES-MaACL
_jT-163-F-7
999 _c47427
_d47427